Μάρκετινγκ μάνατζμεντ : ανάλυση, σχεδιασμός, υλοποίηση & έλεγχος
Αποθηκεύτηκε σε:
| Κύριος συγγραφέας: | |
|---|---|
| Άλλοι συγγραφείς: | |
| Μορφή: | Βιβλίο |
| Γλώσσα: | Greek |
| Δημοσίευση: |
Αθήνα :
Interbooks,
1990
|
| Έκδοση: | 7η έκδ. |
| Θέματα: | |
| Ετικέτες: |
Προσθήκη ετικέτας
Δεν υπάρχουν, Καταχωρήστε ετικέτα πρώτοι!
|
MARC
| LEADER | 00000cam a2200000 i 4500 | ||
|---|---|---|---|
| 001 | 1/56257 | ||
| 008 | 960514s1991 gre d | ||
| 035 | |l 10027992 | ||
| 040 | |a GR-MY-UA |b gre |e aacr | ||
| 041 | 0 | |a gre | |
| 082 | 0 | |a 658.8 | |
| 100 | 1 | |a Kotler, Philip. | |
| 245 | 1 | 0 | |a Μάρκετινγκ μάνατζμεντ : |b ανάλυση, σχεδιασμός, υλοποίηση & έλεγχος / |c Philip Kotler ; μετάφραση Α. Σοκοδήμος |
| 250 | |a 7η έκδ. | ||
| 260 | |a Αθήνα : |b Interbooks, |c 1990 | ||
| 300 | |a 2 τ.; |c 25 εκ. | ||
| 500 | |a Περιλαμβάνει λεξιλόγιο όρων marketing | ||
| 650 | 0 | 0 | |a Marketing |x Management. |
| 700 | 1 | |4 trl |a Σοκοδήμος, Ανδρέας. | |
| 852 | |a INST |b CHIOS |e 19960708 |h 658.8 KOT |p 005200007298 |q 005200007298 |t BK |y 0 |z τ.2 | ||
| 852 | |a INST |b CHIOS |e 19960708 |h 658.8 KOT |p 005200007299 |q 005200007299 |t BK |y 0 |z τ.1 | ||
| 852 | |a INST |b CHIOS |e 19960514 |h 658.8 KOT |p 005200008442 |q 005200008442 |t BK |y 0 |z τ.2 | ||
| 852 | |a INST |b CHIOS |e 19960514 |h 658.8 KOT |p 005200008443 |q 005200008443 |t BK |y 0 |z τ.I | ||
| 852 | |a INST |b CHIOS |e 19960514 |h 658.8 KOT |p 005200008444 |q 005200008444 |t BK |y 0 |z τ.1 | ||
| 852 | |a INST |b CHIOS |e 19960514 |h 658.8 KOT |p 005200008445 |q 005200008445 |t BK |y 0 |z τ.2 | ||
| 852 | |a INST |b CHIOS |e 19960802 |h 658.8 KOT |p 005200009364 |q 005200009364 |t BK |y 0 |z τ.2 | ||
| 852 | |a INST |b CHIOS |e 19960802 |h 658.8 KOT |p 005200009365 |q 005200009365 |t BK |y 0 |z τ.1 | ||
| 852 | |a INST |b CHIOS |e 19960924 |h 658.8 KOT |p 005200011617 |q 005200011617 |t BK |y 0 |z τ.2 | ||
| 852 | |a INST |b CHIOS |e 19960924 |h 658.8 KOT |p 005200011618 |q 005200011618 |t BK |y 0 |z τ.1 | ||
| 852 | |a INST |b CHIOS |e 19980910 |h 658.8 KOT |p 005200015783 |q 005200015783 |t BK |y 0 |z τ.1 | ||
| 852 | |a INST |b CHIOS |e 19980910 |h 658.8 KOT |p 005200015784 |q 005200015784 |t BK |y 0 |z τ.2 | ||
| 852 | |a INST |b CHIOS |e 19960708 |h 658.8 KOT |p 005200007298 |q 005200007298 |t BK |v τ.2: |y 0 |z τ.2 | ||
| 852 | |a INST |b CHIOS |e 19960708 |h 658.8 KOT |p 005200007299 |q 005200007299 |t BK |v τ.1: |y 0 |z τ.1 | ||
| 852 | |a INST |b CHIOS |e 19960514 |h 658.8 KOT |p 005200008442 |q 005200008442 |t BK |v τ.2: |y 0 |z τ.2 | ||
| 852 | |a INST |b CHIOS |e 19960514 |h 658.8 KOT |p 005200008443 |q 005200008443 |t BK |v τ.I: |y 0 |z τ.I | ||
| 852 | |a INST |b CHIOS |e 19960514 |h 658.8 KOT |p 005200008444 |q 005200008444 |t BK |v τ.1: |y 0 |z τ.1 | ||
| 852 | |a INST |b CHIOS |e 19960514 |h 658.8 KOT |p 005200008445 |q 005200008445 |t BK |v τ.2: |y 0 |z τ.2 | ||
| 852 | |a INST |b CHIOS |e 19960802 |h 658.8 KOT |p 005200009364 |q 005200009364 |t BK |v τ.2: |y 0 |z τ.2 | ||
| 852 | |a INST |b CHIOS |e 19960802 |h 658.8 KOT |p 005200009365 |q 005200009365 |t BK |v τ.1: |y 0 |z τ.1 | ||
| 852 | |a INST |b CHIOS |e 19960924 |h 658.8 KOT |p 005200011617 |q 005200011617 |t BK |v τ.2: |y 0 |z τ.2 | ||
| 852 | |a INST |b CHIOS |e 19960924 |h 658.8 KOT |p 005200011618 |q 005200011618 |t BK |v τ.1: |y 0 |z τ.1 | ||
| 852 | |a INST |b CHIOS |e 19980910 |h 658.8 KOT |p 005200015783 |q 005200015783 |t BK |v τ.1: |y 0 |z τ.1 | ||
| 852 | |a INST |b CHIOS |e 19980910 |h 658.8 KOT |p 005200015784 |q 005200015784 |t BK |v τ.2: |y 0 |z τ.2 | ||
| 852 | |a INST |b LESVOS |e 20010228 |h 658.8 KOT |p 005100029146 |q 005100029146 |t BK |y 0 |z τ.1 | ||
| 852 | |a INST |b LESVOS |e 20010228 |h 658.8 KOT |p 005100029150 |q 005100029150 |t BK |y 0 |z τ.2 | ||
| 852 | |a INST |b LESVOS |e 20010228 |h 658.8 KOT |p 005100029146 |q 005100029146 |t BK |v τ.1: |y 0 |z τ.1 | ||
| 852 | |a INST |b LESVOS |e 20010228 |h 658.8 KOT |p 005100029150 |q 005100029150 |t BK |v τ.2: |y 0 |z τ.2 | ||
| 852 | |a INST |b RHODES |e 20010425 |h 658.8 KOT |p 005400016941 |q 005400016941 |t BK |y 0 |z τ.2 | ||
| 852 | |a INST |b RHODES |e 20010425 |h 658.8 KOT |p 005400016942 |q 005400016942 |t BK |y 0 |z τ.1 | ||
| 852 | |a INST |b RHODES |e 20010425 |h 658.8 KOT |p 005400016941 |q 005400016941 |t BK |v τ.2: |y 0 |z τ.2 | ||
| 852 | |a INST |b RHODES |e 20010425 |h 658.8 KOT |p 005400016942 |q 005400016942 |t BK |v τ.1: |y 0 |z τ.1 | ||
| 852 | |a INST |b SAMOS |e 20010220 |h 658.8 KOT |p 005300021654 |q 005300021654 |t BK |y 0 |z τ.1 | ||
| 852 | |a INST |b SAMOS |e 20010220 |h 658.8 KOT |p 005300021655 |q 005300021655 |t BK |y 0 |z τ.2 | ||
| 852 | |a INST |b SAMOS |e 20010220 |h 658.8 KOT |p 005300021654 |q 005300021654 |t BK |v τ.1: |y 0 |z τ.1 | ||
| 852 | |a INST |b SAMOS |e 20010220 |h 658.8 KOT |p 005300021655 |q 005300021655 |t BK |v τ.2: |y 0 |z τ.2 | ||
| 853 | |a INST |b CHIOS |h 658.8 KOT | ||
| 853 | |a INST |b LESVOS |h 658.8 KOT | ||
| 853 | |a INST |b RHODES |h 658.8 KOT | ||
| 853 | |a INST |b SAMOS |h 658.8 KOT | ||
| 901 | |a BIBL3-2001-1 | ||
| 901 | |a BIBL-1998-3 | ||
| 901 | |a BIBL4-2001-1 | ||
| 909 | |a Σ |b 085814 | ||
| 909 | |a Σ |b 085815 | ||
| 909 | |a Χ |b 045548 | ||
| 909 | |a Χ |b 046616 | ||
| 909 | |a Χ |b 046617 | ||
| 909 | |a Χ |b 045782 | ||
| 909 | |a Χ |b 045783 | ||
| 909 | |a Χ |b 045549 | ||
| 909 | |a Χ |b 045547 | ||
| 909 | |a Χ |b 045546 | ||
| 909 | |a Χ |b 045294 | ||
| 909 | |a Χ |b 045295 | ||
| 909 | |a Χ |b 058671 | ||
| 909 | |a Χ |b 058670 | ||
| 909 | |a Λ |b 084711 | ||
| 909 | |a Λ |b 084710 | ||
| 909 | |a Ρ |b 085051 | ||
| 909 | |a Ρ |b 085052 | ||
| 922 | |a 2ΕΛΗ |b 199807 |c ΒΑΛΙΡΗΣ |d EMVASIS | ||
| 922 | |a 4ΔΩΡ |b 200104 |c ΔΩΡΕΑ | ||